| 000 | 00423nam a2200157Ia 4500 | ||
|---|---|---|---|
| 003 | GCL | ||
| 008 | 140319s9999 xx 000 0 ara d | ||
| 040 |
_aGCL / _cGCL |
||
| 082 | 0 | 4 |
_aد _b050 |
| 100 | 1 | _aمصطفى عبدالرحمن | |
| 245 | 1 | 0 |
_aطعامك يحدد قومك (اقرا 558 ) / _cمصطفى عبدالرحمن |
| 300 | _a140 | ||
| 490 |
_aاقرأ _v0 |
||
| 650 | 0 | 4 | _aشهر رمضان |
| 942 |
_2ddc _cBK |
||
| 999 |
_c48730 _d48730 |
||